Little Red Book of Modern Writing Skills / (Record no. 593053)

000 -LEADER
fixed length control field 00434nam a22001577a 4500
003 - CONTROL NUMBER IDENTIFIER
control field NUST
005 - DATE AND TIME OF LATEST TRANSACTION
control field 20230130132906.0
008 - FIXED-LENGTH DATA ELEMENTS--GENERAL INFORMATION
fixed length control field 230130b ||||| |||| 00| 0 eng d
020 ## - INTERNATIONAL STANDARD BOOK NUMBER
International Standard Book Number 9788129118516
082 ## - DEWEY DECIMAL CLASSIFICATION NUMBER
Classification number 808.042,OBR
100 ## - MAIN ENTRY--PERSONAL NAME
Personal name O’Brien, Terry
9 (RLIN) 108063
245 ## - TITLE STATEMENT
Title Little Red Book of Modern Writing Skills /
Statement of responsibility, etc. Terry O’Brien
260 ## - PUBLICATION, DISTRIBUTION, ETC.
Place of publication, distribution, etc. India
Name of publisher, distributor, etc. Rupa
Date of publication, distribution, etc. 2021
440 ## - SERIES STATEMENT/ADDED ENTRY--TITLE
Title 139p.
9 (RLIN) 108064
942 ## - ADDED ENTRY ELEMENTS (KOHA)
Source of classification or shelving scheme
Koha item type Book
Call number prefix 808.042,OBR
Holdings
Withdrawn status Lost status Source of classification or shelving scheme Damaged status Not for loan Permanent Location Current Location Shelving location Date acquired Total Checkouts Full call number Barcode Date last seen Price effective from Koha item type Public note
          Military College of Signals (MCS) Military College of Signals (MCS) General Stacks 01/30/2023   808.042,OBR MCS37734 01/30/2023 01/30/2023 Book Almirah No. 56, Shelf No.1
© 2023 Central Library, National University of Sciences and Technology. All Rights Reserved.